000 00668nam a2200289Ia 4500
005 20260324112021.0
008 008 260324s9999 xx 000 0 eng d
020 _a9781032675374
037 _aEBOOK
040 _aCRL
040 _beng
040 _cCRL
041 _2eng
041 _aeng
084 _qCRL
100 _aGiacomo Marramao
_91117659
245 0 _aPower and Secularization
245 4 _bThe Categories of Time
260 _bTaylor and Francis
260 _c2025
365 _a
365 _b230
856 _uhttp://www.taylorfrancis.com/books/9781032675374
942 _cEBOOK
999 _c1729989
_d1729989